000 00351 a2200157 4500
001 195296
020 _a9788541800730
040 _cMagnum
100 _aRosati, Ivo
240 1 0 _aO homem de água e sua fonte
_l
245 1 0 _aO homem de água e sua fonte
300 _a24
362 0 _a2012
697 _aLITERATURA INFANTO-JUVENIL
942 _cBK
999 _c195296
_d195296